| 000 | 00426nam a2200145 i 4500 | ||
|---|---|---|---|
| 001 | 52778 | ||
| 003 | ES-MaACL | ||
| 005 | 20230906162637.0 | ||
| 007 | t| | ||
| 008 | 030904s1928 sp ||||1| spa d | ||
| 245 | 0 | 0 |
_aReal decreto ley sobre organización corporativa de la agricultura _b: (12 de mayo de 1928). |
| 260 |
_aMadrid : _bMinisterio de Fomento, _c1928. |
||
| 300 |
_a20 p. ; _c23 cm. |
||
| 852 |
_aES-MaACL _j1728-F-19 |
||
| 999 |
_c52778 _d52778 |
||